000 00661nam a2200205Ii 4500
003 JO-AjNU
008 230605s9999||||xx |||||||||||||| ||und||
040 _aJO-AjNU
_bara
_erda
_cJO-AjNU
041 _aara
050 1 4 _aPN4129.A7.C3712 1991
100 3 _aكارنيجي، دايل,
_eauthor
_914103
245 0 0 _aكيف تكسب الأصدقاء وتؤثر في الناس
250 _aط2
264 3 1 _aد.م: دار أسامة، 1991
300 _a95ص
336 _atext
_btxt
_2rdacontent
337 _aunmediated
_bn
_2rdamedia
338 _avolume
_bnc
_2rdacarrier
650 4 _a الصداقة - الجوانب النفسية - النجاح
_914104
999 _aA3682
_c7250
_d7250